000
00348cam a2200157ua 4500
041
_a
eng
_h
082
_a
690.81
_b
LAL/HA
100
_a
Lal, A K .
245
_a
Handbook of lowcost housing
250
_a
1 /
_b
.
260
_a
:
_b
Newage international (P) Ltd ,
_c
1996.
300
_a
185 ; .
504
_a
942
_c
BK
999
_c
261
_d
261